[Event "Auckland Anniversary Weekender 2017"]
[Site "Auckland NZL"]
[Date "2017.01.28"]
[Round "3"]
[White "Hague, Ben"]
[Black "Gibbons, Robert E"]
[Result "1-0"]
[WhiteElo "2463"]
[BlackElo "2057"]
[PlyCount "33"]
[EventDate "2017.01.27"]

1. e4 e5 2. Nf3 Nf6 3. Nxe5 d6 4. Nf3 Nxe4 5. Nc3 Nxc3 6. dxc3 Be7 7. Be3 Nc6
8. Qd2 Be6 9. O-O-O Ne5 10. Kb1 Nxf3 11. gxf3 a6 12. Rg1 Bf6 13. f4 Qd7 14. Bd4
Bxd4 15. Qxd4 f6 16. Re1 O-O 17. Rxe6 1-0

[Event "Auckland Anniversary Weekender 2017"]
[Site "Auckland NZL"]
[Date "2017.01.28"]
[Round "3"]
[White "Fan, Allen Chi Zhou"]
[Black "Garbett, Paul A"]
[Result "1/2-1/2"]
[WhiteElo "2153"]
[BlackElo "2331"]
[PlyCount "76"]
[EventDate "2017.01.27"]

1. Nf3 c5 2. c4 b6 3. g3 Bb7 4. Bg2 g6 5. O-O Bg7 6. Nc3 Nf6 7. b3 O-O 8. Bb2
d6 9. Qc2 Nbd7 10. Rae1 a6 11. a4 Qc7 12. e4 e6 13. d3 Rac8 14. Nd1 e5 15. Nh4
Nb8 16. Ne3 Nc6 17. f4 Nd4 18. Qd1 exf4 19. gxf4 Nh5 20. Rf2 Rce8 21. Ref1 Qd8
22. Nhf5 Nxf5 23. Nxf5 Bxb2 24. Rxb2 Ng7 25. Nh6+ Kh8 26. f5 Qh4 27. Ng4 gxf5
28. exf5 Bxg2 29. Rxg2 Nxf5 30. Qd2 Nd4 31. Nf6 Re1 32. Rgf2 Rxf1+ 33. Rxf1
Nxb3 34. Qe2 Nd4 35. Qe7 Ne6 36. Kh1 Qh3 37. Rg1 Qf3+ 38. Rg2 Qf1+ 1/2-1/2

[Event "Auckland Anniversary Weekender 2017"]
[Site "Auckland NZL"]
[Date "2017.01.28"]
[Round "3"]
[White "Bennett, Hilton P"]
[Black "Gong, Daniel Hanwen"]
[Result "1/2-1/2"]
[WhiteElo "2055"]
[BlackElo "2255"]
[PlyCount "87"]
[EventDate "2017.01.27"]

1. e4 c5 2. f4 d5 3. Nc3 e6 4. exd5 exd5 5. Bb5+ Nc6 6. Qe2+ Be7 7. Nf3 Nf6 8.
O-O O-O 9. Bxc6 bxc6 10. Ne5 Qc7 11. d3 Bd6 12. Na4 Re8 13. b3 Nd7 14. Bb2 d4
15. Rae1 Nxe5 16. fxe5 Rxe5 17. Qf3 Rxe1 18. Rxe1 Be6 19. Qh5 Bd5 20. Ba3 Rf8
21. Qh4 Qa5 22. Qf2 f5 23. c4 dxc3 24. Bxc5 Qc7 25. Bxd6 Qxd6 26. Nxc3 Bf7 27.
Qxa7 Qxd3 28. Na4 Bd5 29. Qf2 Be4 30. Nc5 Qd5 31. Nxe4 fxe4 32. Qe3 Re8 33. a4
h6 34. h3 Kh8 35. Rc1 Rb8 36. Rc4 Qd1+ 37. Kh2 Qd6+ 38. Kg1 Qd1+ 39. Kh2 Rxb3
40. Qxe4 Qd6+ 41. Qf4 Qxf4+ 42. Rxf4 c5 43. Rc4 Rb4 44. Rxc5 1/2-1/2

[Event "Auckland Anniversary Weekender 2017"]
[Site "Auckland NZL"]
[Date "2017.01.28"]
[Round "3"]
[White "Zhang, Jasmine Haomo"]
[Black "Krstev, Antonio"]
[Result "1-0"]
[WhiteElo "1837"]
[BlackElo "2060"]
[PlyCount "97"]
[EventDate "2017.01.27"]

1. d4 c5 2. d5 e6 3. c4 Nf6 4. Nc3 exd5 5. cxd5 d6 6. e4 g6 7. Bd3 Bg7 8. Nge2
O-O 9. O-O Na6 10. h3 Re8 11. Ng3 Rb8 12. Re1 Nc7 13. a4 a6 14. a5 b5 15. axb6
Rxb6 16. Bc4 Nb5 17. Qd3 Bd7 18. f4 Nxc3 19. bxc3 Bb5 20. Bd2 Qc7 21. Nf1 Nd7
22. Nh2 Rb7 23. Nf3 f6 24. Ra2 Reb8 25. Rea1 Kh8 26. Be1 Nb6 27. Bxb5 axb5 28.
Bg3 c4 29. Qe3 Na4 30. Nd4 Nc5 31. Nc6 Re8 32. Ra8 Qd7 33. e5 fxe5 34. fxe5 Bf8
35. e6 Nxe6 36. Rxe8 Qxe8 37. Qxe6 Qxe6 38. dxe6 Kg7 39. Bh4 d5 40. e7 Bxe7 41.
Nxe7 d4 42. cxd4 b4 43. Nd5 Rb5 44. Ne3 c3 45. Be1 Kf6 46. Rb1 Ra5 47. Rxb4 Ra1
48. Kf1 Rd1 49. Rc4 1-0

[Event "Auckland Anniversary Weekender 2017"]
[Site "Auckland NZL"]
[Date "2017.01.28"]
[Round "3"]
[White "Runcan, Daniel-Ioan"]
[Black "Chen, Wei Kai"]
[Result "1-0"]
[WhiteElo "1994"]
[BlackElo "1734"]
[PlyCount "85"]
[EventDate "2017.01.27"]

1. e4 c6 2. d4 d5 3. Nd2 dxe4 4. Nxe4 Nf6 5. Ng5 Bf5 6. Bc4 e6 7. Ne2 h6 8. Nf3
Bd6 9. O-O O-O 10. Ng3 Bg4 11. Re1 Nbd7 12. h3 Bxf3 13. Qxf3 Qb6 14. c3 Qc7 15.
Ne4 Nxe4 16. Rxe4 Nf6 17. Rh4 Qe7 18. Bd3 Nh7 19. Qh5 Nf6 20. Qe2 Nd5 21. Re4
Qf6 22. g3 Rfe8 23. Rg4 h5 24. Bg5 hxg4 25. Bxf6 Nxf6 26. hxg4 e5 27. dxe5 Rxe5
28. Qf3 Rae8 29. Kg2 Bc5 30. a4 a5 31. Rd1 Nd5 32. Bc4 R8e6 33. Bxd5 Rf6 34.
Bxf7+ Rxf7 35. Rd8+ Bf8 36. Qd3 b5 37. f4 Rc5 38. axb5 Rxb5 39. Qc2 Rfb7 40.
Qg6 Rxb2+ 41. Kh3 Re2 42. Qxc6 Rf7 43. g5 1-0

[Event "Auckland Anniversary Weekender 2017"]
[Site "Auckland NZL"]
[Date "2017.01.28"]
[Round "3"]
[White "Lyall, Simon"]
[Black "Crombie, William R"]
[Result "1-0"]
[WhiteElo "1797"]
[BlackElo "1654"]
[PlyCount "99"]
[EventDate "2017.01.27"]

1. e4 e5 2. Nf3 Nf6 3. Nxe5 d6 4. Nf3 Nxe4 5. Nc3 Nf6 6. d4 c6 7. Bd3 Be7 8.
O-O O-O 9. h3 Re8 10. Bg5 h6 11. Bh4 Na6 12. a3 Nc7 13. Re1 Nfd5 14. Bg3 Nxc3
15. bxc3 Be6 16. c4 Bf8 17. Rb1 b6 18. a4 d5 19. Ne5 dxc4 20. Nxc6 Qc8 21. Be4
Bd5 22. Qf3 Bxe4 23. Rxe4 Ne6 24. Ree1 Ng5 25. Qd5 c3 26. Rxe8 Qxe8 27. Ne5 Ne6
28. Rd1 Rd8 29. Qc4 Bc5 30. d5 Nc7 31. Nc6 Rd7 32. Bxc7 Rxc7 33. Qxc3 Qe2 34.
Qd2 Bxf2+ 35. Kh1 Qxd2 36. Rxd2 Bc5 37. Kh2 a6 38. Kg3 f6 39. Kf4 Kf7 40. Kf5
g6+ 41. Ke4 f5+ 42. Ke5 Rc8 43. Kf4 Re8 44. Ne5+ Kg7 45. d6 Rd8 46. d7 Be7 47.
Nc6 Bg5+ 48. Ke5 Bxd2 49. Nxd8 Kf8 50. Ne6+ 1-0

[Event "Auckland Anniversary Weekender 2017"]
[Site "Auckland NZL"]
[Date "2017.01.28"]
[Round "3"]
[White "Cooper, Nigel"]
[Black "Holdo, Karl"]
[Result "1/2-1/2"]
[WhiteElo "1669"]
[BlackElo "1741"]
[PlyCount "45"]
[EventDate "2017.01.27"]

1. e4 c5 2. Nf3 d6 3. c3 Nf6 4. Bd3 e6 5. O-O Be7 6. Re1 Nc6 7. Bc2 e5 8. d4
cxd4 9. cxd4 exd4 10. Nxd4 O-O 11. Nc3 a6 12. Bf4 Ne5 13. Nf5 Bxf5 14. exf5 Qa5
15. a3 Rac8 16. Rc1 Rfe8 17. Ne4 Nxe4 18. Rxe4 Bf6 19. Qe2 Qb5 20. Qxb5 axb5
21. b3 d5 22. Ree1 Nc6 23. Bd3 1/2-1/2

[Event "Auckland Anniversary Weekender 2017"]
[Site "Auckland NZL"]
[Date "2017.01.28"]
[Round "3"]
[White "Jacobs, Hilton J"]
[Black "Steadman, Michael V R"]
[Result "0-1"]
[WhiteElo "1740"]
[BlackElo "2328"]
[PlyCount "88"]
[EventDate "2017.01.27"]

1. Nf3 e6 2. c4 d5 3. cxd5 exd5 4. b3 Nf6 5. e3 Bd6 6. Bb2 Qe7 7. Be2 O-O 8.
O-O c6 9. d4 Ne4 10. Nbd2 f5 11. Ne5 Nd7 12. f4 Ndf6 13. Bd3 Bd7 14. Bxe4 fxe4
15. Qe2 a5 16. h3 a4 17. Kh2 Bb4 18. a3 Bd6 19. b4 b6 20. Rad1 c5 21. bxc5 bxc5
22. g4 Rab8 23. Rb1 Bb5 24. Qd1 Bxf1 25. Nxf1 Qb7 26. Qxa4 cxd4 27. Qxd4 Rfc8
28. g5 Rc2+ 29. Kg3 Rxb2 30. Rc1 Bxe5 31. Qxe5 Ne8 32. Rc5 Rb5 33. Rc3 Rd8 34.
Kg4 d4 35. Qe6+ Qf7 36. Qxf7+ Kxf7 37. exd4 Rxd4 38. Re3 Nd6 39. Ng3 g6 40. h4
Ke6 41. h5 Rd3 42. Re1 Rbb3 43. Nxe4 Nxe4 44. Rxe4+ Kd5 0-1

[Event "Auckland Anniversary Weekender 2017"]
[Site "Auckland NZL"]
[Date "2017.01.28"]
[Round "3"]
[White "Duneas, John"]
[Black "Peak, Stephen"]
[Result "1-0"]
[WhiteElo "2183"]
[BlackElo "1622"]
[PlyCount "63"]
[EventDate "2017.01.27"]

1. d4 d5 2. c4 c6 3. Nc3 Nf6 4. Nf3 e6 5. Bg5 Be7 6. e3 h6 7. Bh4 O-O 8. Bd3
dxc4 9. Bxc4 Nd5 10. Bxe7 Qxe7 11. O-O Nd7 12. e4 Nxc3 13. bxc3 e5 14. Re1 Rd8
15. Qb3 b5 16. Bf1 exd4 17. cxd4 Nf6 18. d5 a6 19. dxc6 Be6 20. Qe3 Qc7 21.
Rec1 Rab8 22. h3 Re8 23. a4 Bxh3 24. gxh3 Rxe4 25. Qc5 bxa4 26. Bd3 Rf4 27. Qe5
Qxe5 28. Nxe5 Ne4 29. c7 Rb2 30. c8=Q+ Kh7 31. Bxe4+ f5 32. Bxf5+ 1-0

[Event "Auckland Anniversary Weekender 2017"]
[Site "Auckland NZL"]
[Date "2017.01.28"]
[Round "3"]
[White "McDougall, Euan"]
[Black "Picken, Oliver"]
[Result "0-1"]
[WhiteElo "1586"]
[BlackElo "1900"]
[PlyCount "64"]
[EventDate "2017.01.27"]

1. e4 e5 2. Nf3 Nc6 3. Bb5 f5 4. d3 fxe4 5. dxe4 Nf6 6. Nc3 d6 7. Bg5 Be7 8.
Bxc6+ bxc6 9. O-O O-O 10. Qe2 Be6 11. Rad1 Qe8 12. b3 Nh5 13. Bxe7 Qxe7 14.
Nxe5 Nf4 15. Qe3 dxe5 16. g3 Nh3+ 17. Kh1 Ng5 18. f4 exf4 19. gxf4 Nf7 20. f5
Bc8 21. Rg1 Bxf5 22. Rdf1 Bg6 23. Qg3 Nd6 24. Rxf8+ Rxf8 25. e5 Ne4 26. Qxg6
Nf2+ 27. Kg2 hxg6 28. Ne2 Qxe5 29. Ng3 Qd5+ 30. Kf1 Ng4+ 31. Ke1 Re8+ 32. Kf1
Qf3# 0-1

[Event "Auckland Anniversary Weekender 2017"]
[Site "Auckland NZL"]
[Date "2017.01.28"]
[Round "3"]
[White "Mukkattu, Philip"]
[Black "Li, Rodney Xiang Rei"]
[Result "1-0"]
[WhiteElo "1880"]
[BlackElo "1556"]
[PlyCount "63"]
[EventDate "2017.01.27"]

1. d4 Nf6 2. c4 e6 3. Nf3 c5 4. d5 exd5 5. cxd5 d6 6. Nc3 g6 7. e4 Bg4 8. h3
Bxf3 9. Qxf3 Bg7 10. Bf4 O-O 11. g4 a6 12. a4 Re8 13. Bg2 Nbd7 14. O-O Qc7 15.
Rab1 Rab8 16. Qg3 Ne5 17. Rfc1 b5 18. axb5 axb5 19. Ne2 Rec8 20. Kh1 Ne8 21. g5
c4 22. Bxe5 Bxe5 23. f4 Bg7 24. h4 Ra8 25. f5 Be5 26. Qf3 b4 27. Bh3 Rcb8 28.
h5 Ra2 29. hxg6 fxg6 30. fxg6 hxg6 31. Be6+ Kg7 32. Qh3 1-0

[Event "Auckland Anniversary Weekender 2017"]
[Site "Auckland NZL"]
[Date "2017.01.28"]
[Round "3"]
[White "Ha, Huy Minh (Timothy)"]
[Black "Ning, Isabelle"]
[Result "1-0"]
[WhiteElo "1778"]
[BlackElo "1139"]
[PlyCount "65"]
[EventDate "2017.01.27"]

1. e4 c5 2. Nf3 e6 3. d4 cxd4 4. Nxd4 a6 5. Be3 Qc7 6. Nc3 Bb4 7. Qd2 Nf6 8. f3
O-O 9. O-O-O Nc6 10. Nxc6 Qxc6 11. g4 d5 12. g5 Nd7 13. exd5 exd5 14. Qxd5 Qxd5
15. Nxd5 b5 16. a3 Be7 17. Nxe7+ Kh8 18. Nxc8 Raxc8 19. Rxd7 Rfe8 20. Bd2 Kg8
21. h4 Rcd8 22. Rxd8 Rxd8 23. Bd3 Re8 24. h5 g6 25. hxg6 fxg6 26. Be4 Re5 27.
Re1 Kf7 28. f4 Rc5 29. Bb4 Rc8 30. Bd5+ Kg7 31. Re7+ Kh8 32. Bd6 Rd8 33. Be5#
1-0

[Event "Auckland Anniversary Weekender 2017"]
[Site "Auckland NZL"]
[Date "2017.01.28"]
[Round "3"]
[White "Qin, Nicole Shu Yu"]
[Black "Burrows, Grant L"]
[Result "1-0"]
[WhiteElo "1557"]
[BlackElo "1757"]
[PlyCount "51"]
[EventDate "2017.01.27"]

1. d4 d5 2. c4 dxc4 3. e4 e5 4. Nf3 Bb4+ 5. Bd2 Bxd2+ 6. Nbxd2 exd4 7. Bxc4 Nc6
8. Nb3 Bg4 9. Nbxd4 Bxf3 10. Qxf3 Ne5 11. Qc3 Nxc4 12. Qxc4 Ne7 13. Rd1 Qc8 14.
O-O O-O 15. f4 a5 16. f5 Ra6 17. e5 g6 18. f6 Nf5 19. Nxf5 gxf5 20. Qd3 Kh8 21.
Rf3 Rg8 22. Rg3 h6 23. Rxg8+ Qxg8 24. Qxf5 Re6 25. Rd3 Qh7 26. Rd8+ 1-0

[Event "Auckland Anniversary Weekender 2017"]
[Site "Auckland NZL"]
[Date "2017.01.28"]
[Round "3"]
[White "Li, Xiang Wei William"]
[Black "Qin, Oscar Shu Xuan"]
[Result "1-0"]
[WhiteElo "2120"]
[BlackElo "1254"]
[PlyCount "135"]
[EventDate "2017.01.27"]

1. e4 e5 2. Nf3 Nc6 3. Bb5 a6 4. Ba4 Nf6 5. O-O Be7 6. d3 b5 7. Bb3 d6 8. c3
O-O 9. h3 Bb7 10. Re1 Re8 11. Nbd2 Bf8 12. Nf1 h6 13. Ng3 a5 14. a4 b4 15. Nf5
Ne7 16. N3h4 g5 17. Nxe7+ Bxe7 18. Nf5 Bf8 19. h4 Nh7 20. Qh5 Qf6 21. Re3 bxc3
22. Rf3 cxb2 23. Bxb2 d5 24. Ne3 Qg6 25. Qxg6+ fxg6 26. Nxd5 Kg7 27. Nxc7 Nf6
28. hxg5 hxg5 29. Nxa8 Bxa8 30. Bc4 g4 31. Re3 Bc5 32. Rg3 Bc6 33. Bb5 Bxb5 34.
axb5 Kh6 35. Kf1 Kg5 36. f3 Kf4 37. Rxg4+ Nxg4 38. fxg4 Kxg4 39. Bc3 Rf8+ 40.
Ke1 Bb4 41. Bxb4 axb4 42. Rb1 Rd8 43. Ke2 Rd4 44. b6 Rd8 45. Rxb4 Rb8 46. b7
Kg5 47. Rb5 Kf6 48. Ke3 Ke6 49. Rb6+ Kf7 50. d4 exd4+ 51. Kxd4 Rd8+ 52. Kc5 Rb8
53. Kd6 Ke8 54. Kc7 Rxb7+ 55. Kxb7 Kd7 56. Rxg6 Ke7 57. e5 Kf7 58. Rf6+ Ke7 59.
g4 Kd7 60. g5 Ke7 61. g6 Ke8 62. g7 Ke7 63. g8=R Kd7 64. Rg7+ Ke8 65. Rh6 Kf8
66. Rc7 Kg8 67. Rd6 Kf8 68. Rd8# 1-0

[Event "Auckland Anniversary Weekender 2017"]
[Site "Auckland NZL"]
[Date "2017.01.28"]
[Round "3"]
[White "Gao, Hugh"]
[Black "Qiu, Daniel"]
[Result "1-0"]
[WhiteElo "1121"]
[BlackElo "1372"]
[PlyCount "58"]
[EventDate "2017.01.27"]

1. e4 e6 2. d4 d5 3. exd5 exd5 4. c4 c6 5. Nc3 Nf6 6. Nf3 Bg4 7. Be2 Nbd7 8.
Ne5 Bf5 9. Bg5 Be7 10. cxd5 Nxd5 11. Bxe7 Qxe7 12. Nxd7 Qxd7 13. O-O O-O 14.
Qb3 Rfe8 15. Bc4 Nf6 16. d5 Rab8 17. Rad1 Rf8 18. dxc6 Qxc6 19. Bb5 Qc7 20.
Rfe1 a6 21. Bc4 b5 22. Bd5 Rbd8 23. Be4 Rxd1 24. Qxd1 Nxe4 25. Nxe4 Re8 26.
Nf6+ gxf6 27. Rxe8+ Kg7 28. h3 Be6 29. Qd8 Qxd8 1-0

[Event "Auckland Anniversary Weekender 2017"]
[Site "Auckland NZL"]
[Date "2017.01.28"]
[Round "3"]
[White "Xie, Felix"]
[Black "Barry, Jacob"]
[Result "0-1"]
[WhiteElo "1036"]
[BlackElo "1220"]
[PlyCount "152"]
[EventDate "2017.01.27"]

1. e4 e5 2. Nf3 Nc6 3. d4 exd4 4. Nxd4 Nf6 5. Nxc6 bxc6 6. e5 Qe7 7. Qe2 Nd5 8.
c4 Ba6 9. b3 g6 10. Bb2 Bg7 11. Nd2 Nb4 12. Qe4 d5 13. cxd5 cxd5 14. Qb1 Bxe5
15. Bxe5 Qxe5+ 16. Kd1 Bxf1 17. Rxf1 O-O 18. Nf3 Qc3 19. Qc1 Qd3+ 20. Nd2 Rfe8
21. Qb1 Qe2+ 22. Kc1 Nd3+ 23. Kc2 Nxf2 24. Qc1 Re6 25. Re1 Rc6+ 26. Kb2 Rxc1
27. Rxe2 Nd3+ 28. Ka3 Rxa1 29. Re7 Nc1 30. Kb2 Nxb3 31. Nxb3 Rg1 32. g3 Rg2+
33. Ka3 Rxh2 34. Rxc7 Rh3 35. Rc3 h5 36. Rd3 h4 37. Rxd5 hxg3 38. Rg5 Kg7 39.
Nd2 g2+ 40. Ka4 Rh2 41. Nf3 g1=Q 42. Rxg1 Rxa2+ 43. Kb3 Re2 44. Nd4 Re3+ 45.
Kc4 Re4 46. Kd3 Rf4 47. Ke3 Rf6 48. Ra1 Re8+ 49. Kd3 Rd6 50. Rxa7 Red8 51. Ra4
Rxd4+ 52. Rxd4 Rxd4+ 53. Kxd4 f5 54. Ke3 g5 55. Kf3 Kh6 56. Kg3 g4 57. Kh4 Kg6
58. Kg3 Kg5 59. Kg2 Kh4 60. Kh2 g3+ 61. Kg2 Kg4 62. Kg1 f4 63. Kf1 f3 64. Kg1
Kh3 65. Kf1 Kh2 66. Ke1 g2 67. Kf2 g1=Q+ 68. Kxf3 Qe1 69. Kf4 Kg2 70. Kf5 Kf3
71. Kg5 Qe4 72. Kf6 Kf4 73. Kf7 Kf5 74. Kf8 Kf6 75. Kg8 Qe7 76. Kh8 Qg7# 0-1

[Event "Auckland Anniversary Weekender 2017"]
[Site "Auckland NZL"]
[Date "2017.01.28"]
[Round "3"]
[White "Steadman, Mathew"]
[Black "Wang, Aaron Ziwen"]
[Result "1-0"]
[WhiteElo "1418"]
[BlackElo "1562"]
[PlyCount "133"]
[EventDate "2017.01.27"]

1. b4 e5 2. Bb2 Nf6 3. a3 d6 4. c4 Be7 5. Qb3 Nbd7 6. e3 c6 7. Nf3 Qc7 8. d4 e4
9. Ng5 d5 10. Nh3 O-O 11. Nf4 Bd6 12. g3 Bxf4 13. gxf4 dxc4 14. Bxc4 Nb6 15.
Be2 Be6 16. Qc2 Nbd5 17. Nd2 Bf5 18. Rg1 a5 19. Rg5 Qd7 20. bxa5 h6 21. Rg3
Rxa5 22. Nb3 Raa8 23. Nc5 Qc7 24. Kf1 b6 25. Nb3 Rfc8 26. Kg1 Ra7 27. Kh1 Qe7
28. Rag1 Ne8 29. Nd2 c5 30. Qb3 Be6 31. Bc4 Ndf6 32. d5 Nh5 33. dxe6 Nxg3+ 34.
Rxg3 f5 35. Bb5 Nf6 36. Bxf6 Qxf6 37. e7+ Kh8 38. e8=Q+ Rxe8 39. Bxe8 Qd8 40.
Nc4 Qxe8 41. Qxb6 Qe7 42. Qb8+ Kh7 43. Qe5 Qf7 44. Qxc5 Rc7 45. Ne5 Rxc5 46.
Nxf7 Ra5 47. Nd6 Rd5 48. Nc4 Rc5 49. Nb6 Rb5 50. Nd7 Rd5 51. Ne5 Ra5 52. h4
Rxa3 53. h5 Ra1+ 54. Kg2 Ra6 55. Rg6 Ra7 56. Rd6 Rc7 57. Rd5 Re7 58. Ng6 Rf7
59. Nh4 Ra7 60. Rxf5 Re7 61. Re5 Rxe5 62. fxe5 Kg8 63. Kg3 Kf7 64. Kf4 Ke6 65.
Kxe4 Ke7 66. Kf5 Kf7 67. f4 1-0

[Event "Auckland Anniversary Weekender 2017"]
[Site "Auckland NZL"]
[Date "2017.01.28"]
[Round "3"]
[White "Shinil, Anan"]
[Black "Li, Leo Xiang Yu"]
[Result "1-0"]
[WhiteElo "1156"]
[BlackElo "1337"]
[PlyCount "95"]
[EventDate "2017.01.27"]

1. e4 e5 2. Nf3 Nf6 3. Nc3 Nc6 4. Bc4 Bc5 5. h3 d6 6. d3 Bb4 7. Bd2 Na5 8. a3
Nxc4 9. axb4 Nxd2 10. Qxd2 Nh5 11. Qg5 Qxg5 12. Nxg5 O-O 13. Nf3 Nf4 14. g3
Nxh3 15. Nb5 Bg4 16. Nd2 Ng5 17. O-O a6 18. Nc3 Rae8 19. Rac1 Re6 20. f3 Bh3
21. Rf2 f5 22. f4 exf4 23. gxf4 fxe4 24. dxe4 Ref6 25. f5 Bg4 26. Kh1 Rh6+ 27.
Rh2 Rxh2+ 28. Kxh2 Nf3+ 29. Nxf3 Bxf3 30. Kg3 Bh5 31. b5 axb5 32. Nxb5 Re8 33.
Kf4 Re7 34. c4 Be8 35. Nd4 c5 36. Nf3 Bc6 37. Rb1 b5 38. b3 bxc4 39. bxc4 Rb7
40. Rd1 Re7 41. Re1 Ba4 42. Re3 Bc2 43. Ne1 Bb1 44. Nd3 Rb7 45. e5 dxe5+ 46.
Nxe5 Re7 47. Rb3 Bc2 48. Rb8+ 1-0

[Event "Auckland Anniversary Weekender 2017"]
[Site "Auckland NZL"]
[Date "2017.01.28"]
[Round "3"]
[White "Wang, Ying"]
[Black "Schurr, Richard"]
[Result "0-1"]
[WhiteElo "1304"]
[BlackElo "1265"]
[PlyCount "72"]
[EventDate "2017.01.27"]

1. Nf3 c5 2. c4 Nf6 3. Nc3 g6 4. g3 Bg7 5. Bg2 d6 6. O-O O-O 7. d4 cxd4 8. Nxd4
Nbd7 9. Be3 Rb8 10. b3 Ng4 11. Qd2 a6 12. Rac1 Nde5 13. h3 Nxe3 14. Qxe3 Bd7
15. f4 Nc6 16. Nxc6 bxc6 17. Kh2 e5 18. Rfd1 exf4 19. Qxf4 Be5 20. Qd2 h5 21.
Ne4 h4 22. Qe3 hxg3+ 23. Nxg3 Qh4 24. Rd3 Bf4 25. Qg1 Bxc1 26. Qxc1 d5 27. Qd2
dxc4 28. Rxd7 cxb3 29. axb3 Rxb3 30. Bf3 c5 31. e3 Rfb8 32. Ne2 Qf2+ 33. Bg2
Rxe3 34. Rd8+ Rxd8 35. Qxd8+ Kg7 36. Qd5 Rxe2 {and White lost on time} 0-1